One direction album FOUR lyrics - Statistics

General Stats
  • This quiz has been taken 1,344 times
  • The average score is 10 of 12
Answer Stats
Hint Answer % Correct
"Going out tonight, changes..." Night Changes
97%
"She be my queen since..." Steal My Girl
96%
"I've got a heart, and I've..." 18
92%
"Stained, coffee cup, just a fingerprint..." No Control
92%
"Who's that shadow holding..." Stockholm Syndrome
90%
"I'm like a crow on a wire..." Fools Gold
85%
"I think I'm gonna loose my mind..." Fireproof
83%
"Her light is as loud as..." Girl Almighty
83%
"Counted all my mistakes and..." Where Do Broken Hearts Go
83%
"Who's gonna be the first one to start..." Spaces
82%
"There's a lightning in your eyes..." Ready to Run
75%
"I know you say, that you..." Clouds
72%
No matching quizzes found
Score Distribution
Percent of People with Each Score
Percentile by Number Answered
Your Score History
You have not taken this quiz